LEADER 02704nam 2200649 450 001 9910460205903321 005 20200520144314.0 010 $a0-8156-5287-9 035 $a(CKB)3710000000324161 035 $a(EBL)4649095 035 $a(SSID)ssj0001620181 035 $a(PQKBManifestationID)16350873 035 $a(PQKBTitleCode)TC0001620181 035 $a(PQKBWorkID)14923703 035 $a(PQKB)11737490 035 $a(MiAaPQ)EBC4649095 035 $a(OCoLC)902702177 035 $a(MdBmJHUP)muse37758 035 $a(Au-PeEL)EBL4649095 035 $a(CaPaEBR)ebr11249979 035 $a(EXLCZ)993710000000324161 100 $a20160906h20152015 uy 0 101 0 $aeng 135 $aur|n|---||||| 181 $ctxt 182 $cc 183 $acr 200 10$aBlack male frames $eAfrican Americans in a century of Hollywood cinema, 1903-2003 /$fRoland Leander Williams Jr 205 $aFirst edition. 210 1$aSyracuse, New York :$cSyracuse University Press,$d2015. 210 4$d©2015 215 $a1 online resource (222 p.) 225 1 $aTelevision and Popular Culture 300 $aDescription based upon print version of record. 311 $a0-8156-3382-3 320 $aIncludes bibliographical references and index. 327 $aOriginal frames -- New Negro -- Renaissance man -- Civil servant -- Soul brother -- Good buddy -- Curtain call. 330 1 $a"Charts the development and shifting popularity of two stereotypes of black masculinity in popular American film? "the shaman" and "the scoundrel." Starting with colonial times, Williams identifies the origins of these roles in an America where black men were forced either to defy or to defer to their white masters. These figures recur in the stories America tells about its black men, from the fictional Jim Crow and Zip Coon to historical figures such as Booker T. Washington and W.E.B. Du Bois." 410 0$aTelevision and popular culture. 606 $aAfrican Americans in motion pictures 606 $aStereotypes (Social psychology) in motion pictures 606 $aMotion pictures$xSocial aspects$zUnited States 606 $aMotion pictures$zUnited States$xHistory 608 $aElectronic books. 615 0$aAfrican Americans in motion pictures. 615 0$aStereotypes (Social psychology) in motion pictures. 615 0$aMotion pictures$xSocial aspects 615 0$aMotion pictures$xHistory. 676 $a791.43089/96073 700 $aWilliams$b Roland Leander$01043585 801 0$bMiAaPQ 801 1$bMiAaPQ 801 2$bMiAaPQ 906 $aBOOK 912 $a9910460205903321 996 $aBlack male frames$92468660 997 $aUNINA LEADER 05027nam 22006015 450 001 996352544603316 005 20231110225026.0 010 $a3-11-066681-2 024 7 $a10.1515/9783110666816 035 $a(CKB)4100000011343795 035 $a(DE-B1597)525862 035 $a(DE-B1597)9783110666816 035 $a(OCoLC)1163877838 035 $a(MiAaPQ)EBC6637675 035 $a(Au-PeEL)EBL6637675 035 $a(OCoLC)1273980845 035 $a(EXLCZ)994100000011343795 100 $a20200707h20202020 fg 101 0 $ager 135 $aur||||||||||| 181 $ctxt$2rdacontent 182 $cc$2rdamedia 183 $acr$2rdacarrier 200 00$aGeistliche Liederdichter zwischen Liturgie und Volkssprache $eÜbertragungen, Bearbeitungen, Neuschöpfungen in Mittelalter und Früher Neuzeit /$fAndreas Kraß, Matthias Standke 210 1$aBerlin ;$aBoston : $cDe Gruyter, $d[2020] 210 4$d©2020 215 $a1 online resource (VIII, 301 p.) 225 0 $aLiturgie und Volkssprache ;$v5 311 $a3-11-066678-2 327 $tFrontmatter -- $tInhalt -- $tVorwort -- $tEinleitung -- $tGeistliche Liederdichterinnen? Mechthild von Magdeburg, Mechthild von Hackeborn, Gertrud von Helfta -- $tLeich und Sequenz. Walther von der Vogelweide als geistlicher Liederdichter -- $tDie Gebetsstrophen des Kanzlers im Goldenen Ton ? ein ?geistliches Sangspruchlied?? -- $tEin ?volles Lied?. Übertragung und Klang am Beispiel der geistlichen Lieder des Mönchs von Salzburg -- $tKann denn Minne Sünde sein? Poetische Gratwanderungen zwischen Marien- und Frauenverehrung bei Hugo von Montfort und Oswald von Wolkenstein -- $tDie Performanz des Schmerzes. Poetische Inszenierungsstrategien von passio und compassio bei Oswald von Wolkenstein -- $tDas Ich im Fokus. Sprecher-Inszenierungen in den geistlichen Liedern Oswalds von Wolkenstein -- $tMuscatblut, trefflich gut? -- $tKanonische Texte in poetischer Form -- $tGeschichten über Lucifer im anonymen Meistergesang des fünfzehnten und sechzehnten Jahrhunderts. Unter besonderer Berücksichtigung der Lieder in Regenbogens ?Langem Ton? -- $tArs memorativa und Strategien der Heilssicherung in lyrischen Texten Heinrich Laufenbergs. Drei exemplarische Lektüren -- $tSebastian Brants Übertragung des Mariengrußes Ave, salve, gaude, vale und ihre Aneignung durch den Basler Kartäuser Ludwig Moser -- $tAutorschaft im frühen Druckhymnar -- $tIndex -- $tAbkürzungsverzeichnis -- $tAutorenverzeichnis 330 $aComposers of spiritual songs in the Middle Ages and Early Modern Period, including the Monk of Salzburg, Oswald von Wolkenstein, Heinrich Laufenberg, and Sebastian Brant, engaged productively with the tradition of Latin hymns and sequences. This volume collects thirteen studies on songs by these and other composers who stood at the intersection between liturgy and the vernacular. 330 $aWelchen Beitrag haben die geistlichen Liederdichter des Mittelalters und der Frühen Neuzeit zur volkssprachlichen Aneignung lateinischer Hymnen und Sequenzen in Mittelalter und Früher Neuzeit geleistet? Auf diese Frage antwortet der Sammelband mit dreizehn exemplarischen Fallstudien zu so unterschiedlichen Verfasserinnen und Verfassern wie Walther von der Vogelweide, dem Kanzler, Mechthild von Magdeburg, Mechthild von Hackeborn, Gertrud von Helfta, dem Mönch von Salzburg, Hugo von Montfort, Oswald von Wolkenstein, Heinrich Laufenberg, Michael Beheim, Sebastian Brant und Hans Sachs, die sich im Medium der deutschen Sprache produktiv mit der Tradition des lateinischen liturgischen Lieds auseinandersetzten und so zur Vorgeschichte des Kirchenlieds beitrugen. Der Band fragt nach den rezeptions- und produktionsästhetischen Bedingungen und Leistungen der geistlichen Lieder, ihrer Position im Spannungsfeld von Liturgie und Volkssprache, ihren vielfachen intertextuellen Bezügen untereinander sowie nach den sozialen Milieus, in denen sie gedichtet und gesungen wurden. Der Band richtet sich nicht nur an die germanistische Mediävistik, sondern auch an die Liturgie-, Musik- und Geschichtswissenschaft. 410 0$aLiturgie und Volkssprache 606 $aAutorschaft 606 $aGeistliches Lied 606 $aVernacular spiritual songs 606 $amedieval German poets 606 $aLITERARY CRITICISM / European / German$2bisacsh 610 $aVernacular spiritual songs. 610 $amedieval German poets. 615 4$aAutorschaft. 615 4$aGeistliches Lied. 615 4$aVernacular spiritual songs. 615 4$amedieval German poets. 615 7$aLITERARY CRITICISM / European / German. 702 $aKraß$b Andreas, $4edt$4http://id.loc.gov/vocabulary/relators/edt 702 $aStandke$b Matthias, $4edt$4http://id.loc.gov/vocabulary/relators/edt 801 0$bDE-B1597 801 1$bDE-B1597 906 $aBOOK 912 $a996352544603316 996 $aGeistliche Liederdichter zwischen Liturgie und Volkssprache$92079877 997 $aUNISA LEADER 01655nam0 2200409 i 450 001 CFI0108091 005 20251003044122.0 010 $a882450390X 020 $aIT$b89-10285 100 $a20130827d1987 ||||0itac50 ba 101 | $aita 102 $ait 181 1$6z01$ai $bxxxe 182 1$6z01$an 200 1 $aˆIl ‰robot diventa realtà$fIgor Aleksander, Piers Burnett 210 $aMilano :Edizioni di Comunità$d1987 215 $a311 p.$cill.$d21 cm 225 | $aSocietà 300 $aTrad. di Libero Sosio. 410 0$1001CFI0035769$12001 $aSocietà 500 10$aReinventing man. -$3CFI0108094$9CFIV067494$92961417 606 $aAutomi$2FIR$3CFIC015972$9E 676 $a006.3$9INTELLIGENZA ARTIFICIALE$v12 676 $a629.8$9INGEGNERIA DEI CONTROLLI AUTOMATICI$v23 676 $a629.892$9CONTROLLO AUTOMATICO MEDIANTE ELABORATORE. ROBOT$v21 696 $aRobot 699 $aAutomi$yRobot 700 1$aAleksander$b, Igor$3CFIV067494$4070$052652 701 1$aBurnett$b, Piers$3CFIV067495$4070$0734993 801 3$aIT$bIT-000000$c20130827 850 $aIT-BN0095 901 $bNAP 01$cPOZZO LIB.$nVi sono collocati fondi di economia, periodici di ingegneria e scienze, periodici di economia e statistica e altri fondi comprendenti documenti di economia pervenuti in dono. 912 $aCFI0108091 950 0$aBiblioteca Centralizzata di Ateneo$c1 v.$d 01POZZO LIB.F. SANTI 131$e 0101 0060031315E VMA 1 v. (Precedente collocazione S 129)$fB $h20221104$i20221104 977 $a 01 996 $aReinventing man$92961417 997 $aUNISANNIO